Những cánh hoa lạc loài = Kale idoscope
Đã lưu trong:
| Hovedforfatter: | |
|---|---|
| Format: | Bog |
| Sprog: | Undetermined |
| Udgivet: |
Hà Nội
Phụ Nữ
2006
|
| Fag: | |
| Tags: |
Tilføj Tag
Ingen Tags, Vær først til at tagge denne postø!
|
| Thư viện lưu trữ: | Trung tâm Học liệu Trường Đại học Cần Thơ |
|---|
| LEADER | 00611nam a2200217Ia 4500 | ||
|---|---|---|---|
| 001 | CTU_112381 | ||
| 008 | 210402s9999 xx 000 0 und d | ||
| 020 | |c 46000 | ||
| 082 | |a 813.54 | ||
| 082 | |b S813 | ||
| 100 | |a Steel, Danielle | ||
| 245 | 0 | |a Những cánh hoa lạc loài = | |
| 245 | 0 | |b Kale idoscope | |
| 245 | 0 | |c Danielle Steel; Hoàng Long Điềm biên dịch | |
| 260 | |a Hà Nội | ||
| 260 | |b Phụ Nữ | ||
| 260 | |c 2006 | ||
| 650 | |a American fiction ( vietnamese ) | ||
| 650 | |y 21st century | ||
| 904 | |i Minh | ||
| 980 | |a Trung tâm Học liệu Trường Đại học Cần Thơ | ||